000 00515nam a2200145Ia 4500
008 100204s9999 xx 000 0 und d
082 _b6521
100 _aसहस्त्रबुध्दे अ. म.
245 _aभारतीय रेल्वे
260 _bमहाराष्ट्र राज्य साहित्य मंडळ
_c1978
300 _a5+183
630 _aभारतीय रेल्वे
730 _aभारतीय रेल्वे
942 _cBOOK
999 _c450960
_d450957